A nedves takarmánykeverék gyártás gépeinek vizsgálata
Elmentve itt :
| Szerző: | |
|---|---|
| További közreműködők: | |
| Dokumentumtípus: | Szakdolgozat |
| Megjelent: |
1986
|
| Kulcsszavak: | Takarmányozás Keveréktakarmányok Gépesítés, takarmánykeverő |
| Tárgyszavak: | |
| Online Access: | http://diploma.bibl.u-szeged.hu/99138 |
| LEADER | 00805nta a2200241 i 4500 | ||
|---|---|---|---|
| 001 | dipl99138 | ||
| 005 | 20220216133546.0 | ||
| 008 | 220216s1986 hu om 0|| hun d | ||
| 040 | |a SZTE Diploma Repozitórium |b hun | ||
| 041 | |a hun | ||
| 100 | 1 | |a Horváth L. Csaba | |
| 245 | 1 | 2 | |a A nedves takarmánykeverék gyártás gépeinek vizsgálata |h [elektronikus dokumentum] / |c L. Csaba Horváth |
| 260 | |c 1986 | ||
| 300 | |a 27 | ||
| 650 | 4 | |a Agrár | |
| 650 | 4 | |a Agricultural sciences | |
| 650 | 4 | |a Agriculture, forestry and fisheries | |
| 650 | 4 | |a Agronomy | |
| 695 | |a Takarmányozás | ||
| 695 | |a Keveréktakarmányok | ||
| 695 | |a Gépesítés, takarmánykeverő | ||
| 700 | 1 | |a Varga Mihály |e ths | |
| 856 | 4 | 0 | |u http://diploma.bibl.u-szeged.hu/id/eprint/99138/1/1986_horvath_laszlo_csaba.pdf |z Dokumentum-elérés |